000 00448nam a2200181Ia 4500
005 20250703121618.0
008 230524s9999 xx 000 0 und d
082 _bKHA
_a530
100 _aMd. N. Khan
245 0 _aPrinciples of Engineering Physics - 1
250 _a1
260 _bCambridge University Press
_c2016
300 _a"XIX,867p;"
500 _aQuantity Number: 51
650 _aPhysics
700 _aS.Panigrahi
942 _cBK
999 _c57537
_d57537